000
00288nam a2200121Ia 4500
005
20251222143214.0
008
251222s9999||||xx |||||||||||||| ||spa||
082
_a
200/D79
245
0
_a
Hambre de Dios, Hambre de Pan
250
_a
1ra.ed.
264
_b
Diocesis de Chimbote
942
_c
LIB
999
_c
13560
_d
13560